[Event "CZE-chT2E 2223"]
[Site "Czech Republic"]
[Date "2023.01.08"]
[Round "6.7"]
[White "Fuksik, Jakub"]
[Black "Zezula, Jakub"]
[Result "1/2-1/2"]
[WhiteElo "2128"]
[BlackElo "1922"]
[PlyCount "107"]
[EventDate "2022.10.16"]
[EventType "team-tourn"]
[EventRounds "11"]
[EventCountry "CZE"]
[SourceTitle "EXT 2024"]
[Source "ChessBase"]
[SourceDate "2023.10.10"]
[SourceVersion "1"]
[SourceVersionDate "2023.10.10"]
[SourceQuality "1"]
[WhiteTeam "Grygov"]
[BlackTeam "Namest nad Oslavou"]
[WhiteTeamCountry "CZE"]
[BlackTeamCountry "CZE"]

1. e4 e5 2. Nf3 Nc6 3. Bc4 Bc5 4. c3 Nf6 5. d3 0-0 6. 0-0 d5 7. exd5 Nxd5 8. Nbd2 Nb6 9. Bb5 Bd6 10. a4 a5 11. Re1 Bg4 12. h3 Bh5 13. Ne4 f6 14. Ng3 Bf7 15. Nf5 Na7 16. N3h4 Kh8 17. Qg4 Rg8 18. Re4 Nxb5 19. axb5 Qe8 20. d4 g6 21. Nh6 f5 22. N4xf5 gxf5 23. Qxf5 Bg6 24. Qf6+ Rg7 25. Re1 e4 26. Nf5 Bxf5 27. Bh6 Qg6 28. Bxg7+ Kg8 29. Qxg6 Bxg6 30. Bh6 a4 31. g4 Re8 32. Re2 Nd5 33. Rxa4 Nf4 34. Bxf4 Bxf4 35. d5 Bd6 36. h4 h5 37. g5 b6 38. Kg2 Bf5 39. Kg1 Bc5 40. Kg2 Bg6 41. b4 Bd6 42. c4 Bf5 43. Ra7 Re7 44. c5 bxc5 45. bxc5 Bxc5 46. Ra6 Bg4 47. Rc2 Bf3+ 48. Kg1 Bd4 49. d6 cxd6 50. Rxd6 Be5 51. Ra6 Rd7 52. Rc1 Bf4 53. Rb1 e3 54. fxe3 1/2-1/2

[Event "CZE-chT2E 2223"]
[Site "Czech Republic"]
[Date "2022.11.20"]
[Round "3.6"]
[White "Fuksik, Jakub"]
[Black "Petlak, Josef"]
[Result "1-0"]
[WhiteElo "2128"]
[BlackElo "1929"]
[PlyCount "81"]
[EventDate "2022.10.16"]
[EventType "team-tourn"]
[EventRounds "11"]
[EventCountry "CZE"]
[SourceTitle "EXT 2024"]
[Source "ChessBase"]
[SourceDate "2023.10.10"]
[SourceVersion "1"]
[SourceVersionDate "2023.10.10"]
[SourceQuality "1"]
[WhiteTeam "Grygov"]
[BlackTeam "Znojmo"]
[WhiteTeamCountry "CZE"]
[BlackTeamCountry "CZE"]

1. e4 c5 2. Nf3 Nc6 3. Bb5 e6 4. Bxc6 dxc6 5. d3 Ne7 6. Be3 Ng6 7. Nbd2 e5 8. h3 Be7 9. 0-0 0-0 10. Nc4 Qc7 11. a4 b6 12. a5 b5 13. Ncd2 a6 14. Nb3 Qa7 15. Qd2 Be6 16. Qc3 b4 17. Qd2 Rfd8 18. Qe2 f6 19. Nfd2 Rab8 20. Kh2 Rb5 21. g3 Qd7 22. Rg1 Bd6 23. Nc4 Bf8 24. f4 f5 25. fxe5 fxe4 26. dxe4 Be7 27. Rad1 Qc7 28. Rxd8+ Qxd8 29. Bf4 Kh8 30. Rd1 Qg8 31. Nd6 c4 32. Nxb5 cxb3 33. Nd4 bxc2 34. Qxc2 c5 35. Nxe6 Qxe6 36. Rd5 h6 37. Qd2 Qc6 38. Bxh6 Nxe5 39. Rxe5 Bf6 40. Rh5 Qxe4 41. Bg5+ 1-0

[Event "CZE-chT2E 1819"]
[Site "Czech Republic"]
[Date "2019.03.31"]
[Round "11.6"]
[White "Parak, Dominik"]
[Black "Fuksik, Jakub"]
[Result "1/2-1/2"]
[WhiteElo "2090"]
[BlackElo "2154"]
[PlyCount "95"]
[EventDate "2018.10.14"]
[EventType "team-tourn"]
[EventRounds "11"]
[EventCountry "CZE"]
[SourceTitle "EXT 2022"]
[Source "ChessBase"]
[SourceDate "2021.10.06"]
[SourceVersion "1"]
[SourceVersionDate "2021.10.06"]
[SourceQuality "1"]
[WhiteTeam "Vsetin"]
[BlackTeam "Grygov"]
[WhiteTeamCountry "CZE"]
[BlackTeamCountry "CZE"]

1. e4 e5 2. Nf3 Nc6 3. Bb5 a6 4. Ba4 Nf6 5. d4 exd4 6. 0-0 Be7 7. e5 Ne4 8. Nxd4 0-0 9. Nf5 d6 10. Nxe7+ Qxe7 11. Re1 Nc5 12. Bxc6 bxc6 13. exd6 Qxd6 14. Qxd6 cxd6 15. Bf4 Nb7 16. Re7 d5 17. Nc3 Nd8 18. Na4 a5 19. Nb6 Ra6 20. Nxc8 Ne6 21. Ra7 Rxa7 22. Nxa7 Nxf4 23. Nxc6 Ra8 24. Rd1 Kf8 25. g3 Rc8 26. Nxa5 Ne2+ 27. Kf1 Rxc2 28. Rxd5 Rxb2 29. Nc6 g6 30. a4 Nc3 31. Rd8+ Kg7 32. Rd4 Rb6 33. Ne5 f6 34. Nd3 Ra6 35. Nc5 Ra5 36. Rc4 Nd5 37. Nb3 Ra7 38. a5 Kf7 39. Ke2 Rb7 40. Nc5 Ra7 41. a6 Ke7 42. Kd3 f5 43. Kd4 Nc7 44. Rb4 Ra8 45. Rb7 Kd6 46. Rb6+ Ke7 47. Kc4 Rc8 48. Kd4 1/2-1/2

[Event "CZE-chT2E 1819"]
[Site "Czech Republic"]
[Date "2019.02.10"]
[Round "8.4"]
[White "Fuksik, Jakub"]
[Black "Hajek, Oskar"]
[Result "0-1"]
[WhiteElo "2154"]
[BlackElo "2147"]
[PlyCount "56"]
[EventDate "2018.10.14"]
[EventType "team-tourn"]
[EventRounds "11"]
[EventCountry "CZE"]
[SourceTitle "EXT 2022"]
[Source "ChessBase"]
[SourceDate "2021.10.06"]
[SourceVersion "1"]
[SourceVersionDate "2021.10.06"]
[SourceQuality "1"]
[WhiteTeam "Grygov"]
[BlackTeam "Prusanky Podluzan"]
[WhiteTeamCountry "CZE"]
[BlackTeamCountry "CZE"]

1. e4 d6 2. d4 Nf6 3. Nc3 e5 4. Nf3 Nbd7 5. Bc4 Be7 6. 0-0 0-0 7. Re1 c6 8. a4 a5 9. h3 Nb6 10. Bb3 Nfd7 11. Be3 exd4 12. Bxd4 Nc5 13. Bxc5 dxc5 14. Qe2 Qd6 15. e5 Qh6 16. Qe4 Be6 17. Bxe6 fxe6 18. Ne2 Nd5 19. c4 Nf4 20. Rad1 Ng6 21. Rd7 Rxf3 22. gxf3 Rf8 23. Qg4 Nxe5 24. Qg3 Nxd7 25. Rd1 Bh4 26. Qc7 Qg5+ 27. Kh1 Qf5 28. Ng1 Ne5 0-1

[Event "CZE-chT2E 1819"]
[Site "Czech Republic"]
[Date "2018.11.18"]
[Round "3.4"]
[White "Fuksik, Jakub"]
[Black "Stratil, Ladislav Jr"]
[Result "1/2-1/2"]
[WhiteElo "2154"]
[BlackElo "2351"]
[PlyCount "87"]
[EventDate "2018.10.14"]
[EventType "team-tourn"]
[EventRounds "11"]
[EventCountry "CZE"]
[SourceTitle "EXT 2022"]
[Source "ChessBase"]
[SourceDate "2021.10.06"]
[SourceVersion "1"]
[SourceVersionDate "2021.10.06"]
[SourceQuality "1"]
[WhiteTeam "Grygov"]
[BlackTeam "Velke Losiny"]
[WhiteTeamCountry "CZE"]
[BlackTeamCountry "CZE"]

1. e4 g6 2. d4 Bg7 3. Nc3 d6 4. Nf3 Nd7 5. Bc4 e6 6. 0-0 h6 7. Re1 Ne7 8. a4 a6 9. Be3 b6 10. Qd2 Bb7 11. h3 Nf6 12. Bf4 g5 13. Bh2 g4 14. hxg4 Nxg4 15. Qf4 Nxh2 16. Qxh2 Qd7 17. Qh5 Ng6 18. Rad1 Rg8 19. Nh4 Nxh4 20. Qxh4 Qe7 21. Qxe7+ Kxe7 22. Re3 c5 23. d5 Bc8 24. dxe6 fxe6 25. Rg3 Rb8 26. Rdd3 Bd7 27. Bxa6 Bxc3 28. Rxc3 Bxa4 29. Rxg8 Rxg8 30. Bd3 Kf6 31. Ra3 Bc6 32. Ra6 Rb8 33. f4 c4 34. Bxc4 Bxe4 35. c3 Kf5 36. g3 h5 37. Kf2 h4 38. gxh4 d5 39. Be2 Kxf4 40. h5 e5 41. Ra7 Rf8 42. Rg7 Bf5 43. Rg3 e4 44. Rg7 1/2-1/2

[Event "CZE-chT2E 1819"]
[Site "Czech Republic"]
[Date "2018.10.14"]
[Round "1.6"]
[White "Fuksik, Jakub"]
[Black "Rojar, Libor"]
[Result "1-0"]
[WhiteElo "2154"]
[BlackElo "1875"]
[PlyCount "91"]
[EventDate "2018.10.14"]
[EventType "team-tourn"]
[EventRounds "11"]
[EventCountry "CZE"]
[SourceTitle "EXT 2022"]
[Source "ChessBase"]
[SourceDate "2021.10.06"]
[SourceVersion "1"]
[SourceVersionDate "2021.10.06"]
[SourceQuality "1"]
[WhiteTeam "Grygov"]
[BlackTeam "Kunovice"]
[WhiteTeamCountry "CZE"]
[BlackTeamCountry "CZE"]

1. e4 c6 2. c4 d5 3. exd5 cxd5 4. cxd5 Nf6 5. Bb5+ Bd7 6. Bc4 g6 7. Nc3 Bg7 8. d4 0-0 9. Bf4 Qb6 10. Qd2 Na6 11. Nf3 Rac8 12. Bb3 Bf5 13. Ne5 Nb4 14. 0-0 Rfd8 15. Na4 Qb5 16. d6 e6 17. Nc3 Qa6 18. a3 Nbd5 19. Nxd5 exd5 20. Rac1 Rxc1 21. Rxc1 Qb6 22. Qb4 Qxb4 23. axb4 Rc8 24. Rc7 Rxc7 25. dxc7 Bf8 26. Bg5 Ne4 27. Nxf7 Kxf7 28. Bxd5+ Ke8 29. Bxe4 Bc8 30. b5 Bd6 31. Bd8 Kd7 32. Kf1 Bxc7 33. Bxc7 Kxc7 34. Ke2 Bd7 35. Bd3 Kb6 36. f4 Bxb5 37. Bxb5 Kxb5 38. Kd3 a5 39. g4 Kc6 40. Ke4 Kd6 41. f5 gxf5+ 42. gxf5 b5 43. d5 a4 44. f6 b4 45. Kd4 a3 46. bxa3 1-0

[Event "CZE-chT1E 1718"]
[Site "Czech Republic"]
[Date "2018.03.04"]
[Round "9.6"]
[White "Walek, Milan"]
[Black "Fuksik, Jakub"]
[Result "1-0"]
[WhiteElo "2291"]
[BlackElo "2194"]
[PlyCount "139"]
[EventDate "2017.10.22"]
[EventType "team-tourn"]
[EventRounds "11"]
[EventCountry "CZE"]
[SourceTitle "EXT 2019"]
[Source "ChessBase"]
[SourceDate "2018.10.10"]
[SourceVersion "1"]
[SourceVersionDate "2018.10.10"]
[SourceQuality "1"]
[WhiteTeam "Trinec"]
[BlackTeam "Grygov"]
[WhiteTeamCountry "CZE"]
[BlackTeamCountry "CZE"]

1. e4 e5 2. Bc4 Nf6 3. d3 c6 4. Nf3 d5 5. Bb3 a5 6. a4 Bb4+ 7. c3 Bd6 8. Bg5 Be6 9. Nbd2 Nbd7 10. 0-0 0-0 11. Re1 h6 12. Bh4 Nc5 13. Bc2 dxe4 14. dxe4 Qe7 15. Qe2 Rad8 16. Nc4 Bxc4 17. Qxc4 Ne6 18. Bg3 Qc7 19. Rad1 Nh5 20. Bh4 g5 21. Bg3 Nhf4 22. Rd2 Qe7 23. Red1 Bc7 24. Bb3 Ng6 25. h3 Rxd2 26. Rxd2 Rd8 27. Qe2 Nc5 28. Bc2 Rxd2 29. Qxd2 Qd6 30. Qc1 b5 31. axb5 cxb5 32. Nd4 Qd7 33. Nf5 Kh7 34. h4 f6 35. hxg5 hxg5 36. Qe1 a4 37. Qe2 Kg8 38. Bb1 Nb3 39. Ba2 Bb6 40. Qc2 Qe6 41. Qd1 Nf8 42. Qh5 Qd7 43. Bxe5 Bxf2+ 44. Kxf2 Qd2+ 45. Qe2 Qxe2+ 46. Kxe2 fxe5 47. Bxb3+ axb3 48. Nd6 Ne6 49. Nxb5 Nc5 50. Nd6 Kg7 51. Ke3 Kf6 52. Nc4 Ke6 53. Nd2 Kf6 54. Nc4 Ke6 55. Nb6 Kd6 56. Nc4+ Ke6 57. Kf3 Kf6 58. Nd2 Kg6 59. Kg4 Kf6 60. Kh5 Nd3 61. Nxb3 Nxb2 62. Nd2 Nd3 63. g3 Nc5 64. c4 Nd3 65. Nf3 g4 66. Nd2 Nf2 67. Kh4 Ke6 68. Kg5 Kd6 69. Kf5 Kc5 70. Kxe5 1-0

[Event "CZE-chT1E 1516"]
[Site "Czech Republic"]
[Date "2016.04.10"]
[Round "11.6"]
[White "Splichal, Stanislav"]
[Black "Fuksik, Jakub"]
[Result "1/2-1/2"]
[WhiteElo "2138"]
[BlackElo "2189"]
[PlyCount "114"]
[EventDate "2015.10.11"]
[EventType "team-tourn"]
[EventRounds "11"]
[EventCountry "CZE"]
[SourceTitle "EXT 2017"]
[Source "ChessBase"]
[SourceDate "2016.10.25"]
[SourceVersion "1"]
[SourceVersionDate "2016.10.25"]
[SourceQuality "1"]
[WhiteTeam "Ostrava"]
[BlackTeam "Grygov"]
[WhiteTeamCountry "CZE"]
[BlackTeamCountry "CZE"]

1. Nf3 Nf6 2. c4 c6 3. d4 d5 4. Qc2 a6 5. g3 b5 6. b3 e6 7. Bg2 Be7 8. 0-0 Nbd7 9. Bf4 Qb6 10. c5 Qb7 11. Nbd2 b4 12. a3 bxa3 13. Rxa3 0-0 14. Rb1 Ne8 15. b4 Bd8 16. e4 Bc7 17. e5 f5 18. exf6 Bxf4 19. fxg7 Nxg7 20. gxf4 Rxf4 21. Ng5 Nf6 22. Rf3 Qc7 23. Bh3 h6 24. Rxf4 Qxf4 25. Ngf3 Nf5 26. Kh1 Ra7 27. Rg1+ Rg7 28. Rxg7+ Kxg7 29. Bxf5 exf5 30. Qd3 Ne4 31. Qe3 Qxe3 32. fxe3 Nf2+ 33. Kg1 Nd3 34. Nb3 Kf6 35. Na5 Bd7 36. Kf1 Nxb4 37. Ne5 Be8 38. Ke2 Kg5 39. Kd2 f4 40. exf4+ Kxf4 41. Kc3 Na2+ 42. Kb2 Nb4 43. Kb3 Ke4 44. Kxb4 Kxd4 45. Nexc6+ Kd3 46. Ne7 d4 47. Nf5 h5 48. Nb3 Bd7 49. Nbxd4 Ke4 50. Ka5 Kd5 51. Kb6 a5 52. c6 Bxc6 53. Nxc6 a4 54. Kb5 a3 55. Nb4+ Ke4 56. Ng3+ Kf3 57. Nxh5 Kg2 1/2-1/2

[Event "CZE-chT2E 1516"]
[Site "Czech Republic"]
[Date "2016.03.13"]
[Round "9.3"]
[White "Fiala, Vaclav"]
[Black "Fuksik, Jakub"]
[Result "0-1"]
[WhiteElo "2253"]
[BlackElo "2169"]
[PlyCount "56"]
[EventDate "2015.10.18"]
[EventType "team-tourn"]
[EventRounds "11"]
[EventCountry "CZE"]
[SourceTitle "EXT 2022"]
[Source "ChessBase"]
[SourceDate "2021.10.06"]
[SourceVersion "1"]
[SourceVersionDate "2021.10.06"]
[SourceQuality "1"]
[WhiteTeam "Jundrov Jezdci"]
[BlackTeam "Grygov II"]
[WhiteTeamCountry "CZE"]
[BlackTeamCountry "CZE"]

1. e4 e5 2. Nf3 Nc6 3. Bb5 a6 4. Ba4 Nf6 5. d4 exd4 6. 0-0 Be7 7. e5 Ne4 8. Nxd4 0-0 9. Qe2 Nxd4 10. Qxe4 Ne6 11. b4 d5 12. Qe1 f6 13. Bb2 fxe5 14. Bxe5 Bd6 15. Nc3 Bxb4 16. Rb1 a5 17. a3 Bxa3 18. f4 c6 19. f5 Ng5 20. Qg3 Bxf5 21. Rxb7 Ra7 22. Rb8 Bc5+ 23. Kh1 Bc8 24. Rxf8+ Qxf8 25. Rxc8 Qxc8 26. Qxg5 Rf7 27. Bf4 Qe6 28. g3 Qh3 0-1

[Event "CZE-chT2E 1516"]
[Site "Czech Republic"]
[Date "2016.02.07"]
[Round "7.1"]
[White "Gasa, Andrej"]
[Black "Fuksik, Jakub"]
[Result "1-0"]
[WhiteElo "2294"]
[BlackElo "2169"]
[PlyCount "109"]
[EventDate "2015.10.18"]
[EventType "team-tourn"]
[EventRounds "11"]
[EventCountry "CZE"]
[SourceTitle "EXT 2022"]
[Source "ChessBase"]
[SourceDate "2021.10.06"]
[SourceVersion "1"]
[SourceVersionDate "2021.10.06"]
[SourceQuality "1"]
[WhiteTeam "Prusanky Podluzan"]
[BlackTeam "Grygov II"]
[WhiteTeamCountry "CZE"]
[BlackTeamCountry "CZE"]

1. e4 e5 2. Nf3 Nc6 3. Bb5 a6 4. Ba4 Nf6 5. d3 d6 6. c3 Be7 7. 0-0 0-0 8. Nbd2 Nd7 9. d4 b5 10. Bc2 Bf6 11. d5 Na5 12. b4 Nb7 13. a4 Nb6 14. axb5 axb5 15. Rxa8 Nxa8 16. Bd3 Qe8 17. Qe2 c6 18. dxc6 Qxc6 19. c4 bxc4 20. Nxc4 Be6 21. Bd2 Bd8 22. h3 f5 23. Rc1 Qd7 24. Ra1 Nb6 25. Ra7 Qc6 26. Na5 Nxa5 27. bxa5 Nc4 28. exf5 Nxd2 29. Nxd2 Bxf5 30. Bxf5 Rxf5 31. Qg4 g6 32. Qc4+ Qxc4 33. Nxc4 Rf4 34. Nxd6 Rd4 35. Nf7 Rd5 36. Nxd8 Rxd8 37. a6 Rd1+ 38. Kh2 Ra1 39. Kg3 Ra4 40. Kf3 h6 41. Ke3 g5 42. g4 Kf8 43. Kd3 Ke8 44. Kc3 Kd8 45. Kb3 Ra1 46. Kc4 Kc8 47. Ra8+ Kc7 48. a7 Kb7 49. Rh8 Kxa7 50. Rxh6 Rf1 51. Rh5 Rxf2 52. Rxg5 e4 53. Kd4 Rf3 54. Kxe4 Rxh3 55. Rb5 1-0

[Event "CZE-chT1E 1516"]
[Site "Czech Republic"]
[Date "2015.12.13"]
[Round "5.6"]
[White "Dvorak, Martin"]
[Black "Fuksik, Jakub"]
[Result "1/2-1/2"]
[WhiteElo "2179"]
[BlackElo "2189"]
[PlyCount "86"]
[EventDate "2015.10.11"]
[EventType "team-tourn"]
[EventRounds "11"]
[EventCountry "CZE"]
[SourceTitle "EXT 2017"]
[Source "ChessBase"]
[SourceDate "2016.10.25"]
[SourceVersion "1"]
[SourceVersionDate "2016.10.25"]
[SourceQuality "1"]
[WhiteTeam "Kromeriz"]
[BlackTeam "Grygov"]
[WhiteTeamCountry "CZE"]
[BlackTeamCountry "CZE"]

1. e4 e5 2. Nf3 Nc6 3. d4 exd4 4. Bc4 Nf6 5. e5 d5 6. Bb5 Ne4 7. Nxd4 Bd7 8. Bxc6 bxc6 9. 0-0 Bc5 10. f3 Ng5 11. f4 Ne4 12. Be3 0-0 13. Nd2 Nxd2 14. Qxd2 Qe7 15. Nb3 Bb6 16. Qc3 f6 17. Nc5 Rae8 18. Bd4 fxe5 19. fxe5 Rf5 20. Rae1 Qh4 21. e6 Rxf1+ 22. Rxf1 Bxe6 23. b4 a5 24. b5 Bxc5 25. Qxc5 cxb5 26. c3 b4 27. Qxa5 bxc3 28. Qxc3 Qg4 29. Be5 d4 30. Bxd4 Bxa2 31. h3 Qd7 32. Be5 c6 33. Rf3 Bd5 34. Rg3 g6 35. Bh8 Qf7 36. h4 h5 37. Be5 Kh7 38. Rg5 Qa7+ 39. Bd4 Qf7 40. Be5 Rf8 41. Qc2 Kh6 42. Qd2 Kh7 43. Qc2 Kh6 1/2-1/2

[Event "CZE-chT1E 1516"]
[Site "Czech Republic"]
[Date "2015.11.29"]
[Round "4.5"]
[White "Lys, Josef"]
[Black "Fuksik, Jakub"]
[Result "1-0"]
[WhiteElo "2197"]
[BlackElo "2189"]
[PlyCount "81"]
[EventDate "2015.10.11"]
[EventType "team-tourn"]
[EventRounds "11"]
[EventCountry "CZE"]
[SourceTitle "EXT 2017"]
[Source "ChessBase"]
[SourceDate "2016.10.25"]
[SourceVersion "1"]
[SourceVersionDate "2016.10.25"]
[SourceQuality "1"]
[WhiteTeam "Karvina"]
[BlackTeam "Grygov"]
[WhiteTeamCountry "CZE"]
[BlackTeamCountry "CZE"]

1. d4 d5 2. c4 c6 3. Nc3 Nf6 4. Nf3 a6 5. a4 e6 6. Bg5 Be7 7. e3 0-0 8. Qc2 Qa5 9. Bd3 h6 10. Bh4 dxc4 11. Bxc4 c5 12. 0-0 Nc6 13. Bxf6 Bxf6 14. Ne4 cxd4 15. Nxf6+ gxf6 16. exd4 Qh5 17. Rfe1 Bd7 18. Re4 Qg6 19. Qe2 Kh8 20. Nh4 Qh7 21. d5 Ne5 22. dxe6 fxe6 23. Rxe5 fxe5 24. Bd3 Qg7 25. Ng6+ Kg8 26. Nxf8 Rxf8 27. Be4 Be8 28. Ra3 Rf6 29. Rg3 Bg6 30. h4 h5 31. Kh2 Qh6 32. Bxg6 Rxg6 33. Qxe5 Rxg3 34. Qxg3+ Kf7 35. Qf3+ Ke8 36. g3 Qh7 37. a5 e5 38. Qe3 Qf5 39. Kg2 Qe6 40. Qe4 Kd7 41. Qxb7+ 1-0

[Event "CZE-chT2E 1516"]
[Site "Czech Republic"]
[Date "2015.11.08"]
[Round "2.1"]
[White "Fuksik, Jakub"]
[Black "Cip, Dalibor"]
[Result "1-0"]
[WhiteElo "2169"]
[BlackElo "2125"]
[PlyCount "83"]
[EventDate "2015.10.18"]
[EventType "team-tourn"]
[EventRounds "11"]
[EventCountry "CZE"]
[SourceTitle "EXT 2022"]
[Source "ChessBase"]
[SourceDate "2021.10.06"]
[SourceVersion "1"]
[SourceVersionDate "2021.10.06"]
[SourceQuality "1"]
[WhiteTeam "Grygov II"]
[BlackTeam "Orechov"]
[WhiteTeamCountry "CZE"]
[BlackTeamCountry "CZE"]

1. e4 c5 2. Nf3 d6 3. Bb5+ Bd7 4. Bxd7+ Qxd7 5. c4 g6 6. d4 cxd4 7. Nxd4 Bg7 8. Nc3 Nf6 9. 0-0 0-0 10. f3 Nc6 11. Nde2 a6 12. Be3 Rab8 13. a4 Na5 14. b3 Qc7 15. Rb1 Nd7 16. Nd5 Qd8 17. Qd2 e6 18. Ndc3 Nc5 19. Qa2 Nc6 20. b4 Nd3 21. b5 Ncb4 22. Qb3 Qc7 23. Na2 a5 24. Nxb4 Nxb4 25. Rfd1 Rbc8 26. Rbc1 Rfd8 27. g3 Rd7 28. Kg2 h5 29. Nf4 Be5 30. c5 Qd8 31. Nxe6 fxe6 32. Qxe6+ Kh7 33. cxd6 Rxc1 34. Rxc1 Bg7 35. Rd1 Nc2 36. Bf2 Nd4 37. Rxd4 Bxd4 38. Bxd4 Qc8 39. Bf6 b6 40. Kh3 Qb7 41. Be7 Kh6 42. Qf7 1-0

[Event "CZE-chT1E 1415"]
[Site "Czech Republic"]
[Date "2015.04.12"]
[Round "11.6"]
[White "Fuskova, Martina"]
[Black "Fuksik, Jakub"]
[Result "0-1"]
[WhiteElo "2024"]
[BlackElo "2164"]
[PlyCount "146"]
[EventDate "2014.10.19"]
[EventType "team-tourn"]
[EventRounds "11"]
[EventCountry "CZE"]
[SourceTitle "EXT 2016"]
[Source "ChessBase"]
[SourceDate "2015.10.08"]
[SourceVersion "1"]
[SourceVersionDate "2015.10.08"]
[SourceQuality "1"]
[WhiteTeam "Beskydy Chess School"]
[BlackTeam "Grygov"]
[WhiteTeamCountry "CZE"]
[BlackTeamCountry "CZE"]

1. e4 e5 2. Nf3 Nc6 3. Bc4 Nf6 4. d4 exd4 5. e5 d5 6. Bb5 Ne4 7. Nxd4 Bd7 8. Bxc6 bxc6 9. 0-0 Bc5 10. f3 Ng5 11. Be3 0-0 12. f4 Ne6 13. c3 Bb6 14. f5 Nc5 15. Qg4 Kh8 16. Nd2 Qe8 17. N2f3 Ne4 18. Rae1 c5 19. e6 cxd4 20. exd7 Qxd7 21. Bxd4 f6 22. Rd1 c5 23. Be3 Rfe8 24. Rfe1 Rad8 25. Nd2 Nxd2 26. Rxd2 Re5 27. Bf2 Qxf5 28. Qxf5 Rxf5 29. Rde2 Kg8 30. a4 d4 31. Rd1 d3 32. Re7 Kf8 33. Rb7 Re5 34. a5 Bxa5 35. Rxa7 c4 36. Bd4 Rb5 37. Kf1 Bb6 38. Rb7 Rxd4 39. cxd4 Rxb2 40. d5 Rf2+ 41. Ke1 Rb2 42. Kf1 Bd4 43. Rc7 Rf2+ 44. Ke1 Be3 45. Rc8+ Ke7 46. Rxc4 d2+ 47. Rxd2 Rxd2 48. Re4+ Kf7 49. Rxe3 Rxd5 50. Kf2 f5 51. Ra3 Rd6 52. Kf3 g5 53. Rb3 Kg6 54. Ra3 Rb6 55. Rc3 g4+ 56. Kf4 Rb4+ 57. Kg3 Kg5 58. Rc8 Rb3+ 59. Kf2 Rb2+ 60. Kf1 h5 61. Rg8+ Kf4 62. Rh8 Rb1+ 63. Kf2 Rb2+ 64. Kf1 h4 65. Rg8 Rb1+ 66. Kf2 g3+ 67. hxg3+ hxg3+ 68. Ke2 Rg1 69. Ra8 Rxg2+ 70. Kf1 Rb2 71. Ra4+ Kf3 72. Ra3+ Kg4 73. Ra4+ f4 0-1

[Event "CZE-chT1E 1415"]
[Site "Czech Republic"]
[Date "2015.03.01"]
[Round "9.5"]
[White "Fuksik, Jakub"]
[Black "Worek, Joanna"]
[Result "0-1"]
[WhiteElo "2164"]
[BlackElo "2275"]
[PlyCount "72"]
[EventDate "2014.10.19"]
[EventType "team-tourn"]
[EventRounds "11"]
[EventCountry "CZE"]
[SourceTitle "EXT 2016"]
[Source "ChessBase"]
[SourceDate "2015.10.08"]
[SourceVersion "1"]
[SourceVersionDate "2015.10.08"]
[SourceQuality "1"]
[WhiteTeam "Grygov"]
[BlackTeam "Stare Mesto"]
[WhiteTeamCountry "CZE"]
[BlackTeamCountry "CZE"]

1. e4 c5 2. Nf3 Nc6 3. Bb5 Nd4 4. Nxd4 cxd4 5. 0-0 g6 6. d3 Bg7 7. f4 a6 8. Bc4 d6 9. Nd2 e6 10. f5 Nf6 11. fxe6 Bxe6 12. Bxe6 fxe6 13. e5 dxe5 14. Nf3 0-0 15. Nxe5 Qd5 16. Qe2 Rac8 17. Nc4 Nd7 18. Bf4 e5 19. Bg3 Rxf1+ 20. Kxf1 b5 21. Na3 Nc5 22. b3 e4 23. Kg1 e3 24. Rd1 Ne6 25. Rc1 h5 26. Kh1 Qc5 27. Nb1 b4 28. Kg1 Be5 29. Qf3 Bxg3 30. Qxg3 Kg7 31. a3 a5 32. axb4 axb4 33. Qh4 Rf8 34. Qe4 Nf4 35. Re1 Qxc2 36. Qxd4+ Kh6 0-1

[Event "CZE-chT1E 1415"]
[Site "Czech Republic"]
[Date "2015.01.04"]
[Round "5.5"]
[White "Krcal, Michal"]
[Black "Fuksik, Jakub"]
[Result "0-1"]
[WhiteElo "2246"]
[BlackElo "2164"]
[PlyCount "86"]
[EventDate "2014.10.19"]
[EventType "team-tourn"]
[EventRounds "11"]
[EventCountry "CZE"]
[SourceTitle "EXT 2016"]
[Source "ChessBase"]
[SourceDate "2015.10.08"]
[SourceVersion "1"]
[SourceVersionDate "2015.10.08"]
[SourceQuality "1"]
[WhiteTeam "Zlin"]
[BlackTeam "Grygov"]
[WhiteTeamCountry "CZE"]
[BlackTeamCountry "CZE"]

1. e4 e5 2. Nf3 Nc6 3. d4 exd4 4. Nxd4 Bc5 5. Be3 Qf6 6. c3 Nge7 7. g3 d6 8. Bg2 0-0 9. Nxc6 Nxc6 10. Bxc5 dxc5 11. 0-0 Be6 12. f4 Bc4 13. Rf2 Rad8 14. Nd2 Bd3 15. Qh5 Qe7 16. Re1 Rfe8 17. Nf3 b6 18. e5 Qf8 19. Ng5 Ne7 20. f5 h6 21. Ne4 Nd5 22. Nd2 c4 23. Nf3 Qc5 24. e6 Re7 25. Ne5 fxe6 26. fxe6 Nf6 27. Qh4 Rd6 28. Bh3 Rd5 29. Qf4 a5 30. Kg2 Qd6 31. Kg1 b5 32. g4 Rxe6 33. g5 Rexe5 34. Rxe5 Rxe5 35. gxf6 Re1+ 36. Kg2 Qxf4 37. Rxf4 Re2+ 38. Kg3 gxf6 39. Rxf6 Rxb2 40. Rf3 Kg7 41. Be6 Rxa2 42. Rxd3 cxd3 43. Bxa2 d2 0-1

[Event "CZE-chT1E 1415"]
[Site "Czech Republic"]
[Date "2014.11.23"]
[Round "3.7"]
[White "Trhal, Tomas"]
[Black "Fuksik, Jakub"]
[Result "0-1"]
[WhiteElo "2164"]
[BlackElo "2164"]
[PlyCount "58"]
[EventDate "2014.10.19"]
[EventType "team-tourn"]
[EventRounds "11"]
[EventCountry "CZE"]
[SourceTitle "CBM 163 Extra"]
[Source "ChessBase"]
[SourceDate "2014.12.23"]
[SourceVersion "1"]
[SourceVersionDate "2014.12.23"]
[SourceQuality "1"]
[WhiteTeam "Chrudim"]
[BlackTeam "Grygov"]
[WhiteTeamCountry "CZE"]
[BlackTeamCountry "CZE"]

1. e4 e5 2. Nf3 Nc6 3. d4 exd4 4. Nxd4 Bc5 5. Be3 Qf6 6. c3 Nge7 7. Bc4 0-0 8. 0-0 a6 9. f4 d6 10. Kh1 b5 11. Bb3 Na5 12. Bc2 Nc4 13. Bc1 Bb6 14. e5 Qh4 15. Nf3 Qg4 16. b3 Ne3 17. Bxe3 Bxe3 18. exd6 cxd6 19. Qxd6 Nf5 20. Bxf5 Bxf5 21. Ne5 Qe2 22. Qd1 Qb2 23. Qe1 Be4 24. Nf3 Bxf3 25. Rxf3 Rfe8 26. Rxe3 Rxe3 27. Qxe3 Qxa1 28. Qe4 Rd8 29. h3 Qb2 0-1